Security analysis and portfolio management (Record no. 755129)

MARC details
000 -LEADER
fixed length control field 00449nam a2200157 4500
020 ## - INTERNATIONAL STANDARD BOOK NUMBER
ISBN 9789386649539
082 ## - DEWEY DECIMAL CLASSIFICATION NUMBER
Classification number 332.632
Item number MAN.S
084 ## - OTHER CLASSIFICATION NUMBER
Source of Number Colon Classification
100 ## - MAIN ENTRY--AUTHOR NAME
Personal name Manchanda,S C
245 ## - TITLE STATEMENT
Title Security analysis and portfolio management
260 ## - PUBLICATION, DISTRIBUTION, ETC. (IMPRINT)
Place of publication NewDelhi:
Name of publisher New Age International,
Year of publication 2025.
300 ## - PHYSICAL DESCRIPTION
Number of Pages 530/-
650 ## - SUBJECT ADDED ENTRY--TOPICAL TERM
Topical Term Portfolio management
Form subdivision Financial assets
942 ## - ADDED ENTRY ELEMENTS (KOHA)
Source of classification or shelving scheme Dewey Decimal Classification
Koha item type Gift
Holdings
Withdrawn status Lost status Source of classification or shelving scheme Damaged status Not for loan Home Library Current Location Shelving location Date acquired Full call number Accession Number Price effective from Koha item type
    Dewey Decimal Classification     Campus Library Kariavattom Campus Library Kariavattom General Stacks 16/01/2026 332.632 MAN.S UCLG1057 16/01/2026 Gift